00506nam a2200193 a 4500001001300000003000900013005001700022008004100039020001000080082001600090100001600106245007300122260003600195300000900231500003500240505001000275650001100285700001600296nice12345678IN_TiNIC20260116012412.0050524s1912 newa grp 000 0 eng  ac10000a222.12bTUT aTuttle, A H aEgypt to Canaan Or Lectures on the Spiritual Meanings of the Exodus. aNew YorkbEaton and Mainsc1912 a286p aincludes index and biblioraphy2 aIndex aExodus1 aTuttle, A H